[Event "ICS rated blitz match"]
[Site "204.178.125.65"]
[Date "2001.09.21"]
[Round "?"]
[White "Hossa"]
[Black "Fuentes"]
[Result "1-0"]
[WhiteElo "2576"]
[BlackElo "2122"]
[PlyCount "77"]
[EventDate "2001.??.??"]

1. d4 Nf6 2. c4 e6 3. Nf3 d5 4. Nc3 c6 5. Bg5 dxc4 6. e4 b5 7. e5 h6 8. Bh4 g5
9. Nxg5 hxg5 10. Bxg5 Nbd7 11. exf6 Qb6 12. Qd2 Bb7 13. O-O-O O-O-O 14. Be2 c5
15. d5 b4 16. Na4 Qa5 17. dxe6 Qxa4 18. exd7+ Kb8 19. Bxc4 Bxg2 20. Bf4+ Kb7
21. Bd5+ Bxd5 22. Qxd5+ Kb6 23. Qxf7 Bh6 24. Bxh6 Rxh6 25. Qe7 Rhh8 26. Rd6+
Kc7 27. Qe5 Kb7 28. Qd5+ Kb8 29. Kb1 Qb5 30. Rc1 Qb7 31. Qxc5 Rxd7 32. Rxd7
Qxd7 33. f7 Qxf7 34. Qe5+ Kb7 35. Qxh8 Qf5+ 36. Ka1 Qxf2 37. Qc8+ Kb6 38. Rc6+
Kb5 39. Qa6# {Fuentes checkmated} 1-0

[Event "ICS rated blitz match"]
[Site "204.178.125.65"]
[Date "2001.09.21"]
[Round "?"]
[White "baldomero"]
[Black "Hossa"]
[Result "0-1"]
[WhiteElo "2304"]
[BlackElo "2578"]
[PlyCount "74"]
[EventDate "2001.??.??"]

1. e4 g6 2. d4 d6 3. f4 Bg7 4. Nc3 Nf6 5. Nf3 O-O 6. Be3 d5 7. e5 Ng4 8. Bg1 f6
9. Qd2 fxe5 10. dxe5 c6 11. h3 Nh6 12. g4 b5 13. Bh2 b4 14. Ne2 Qb6 15. Bg2 Nf7
16. O-O-O Qa5 17. Kb1 e6 18. h4 Bd7 19. Bg3 Nh6 20. h5 gxh5 21. Rxh5 Nxg4 22.
Qd3 Rf5 23. Rxf5 exf5 24. Ned4 Qa6 25. Bf1 Qxd3 26. Bxd3 c5 27. Nxf5 c4 28.
Nxg7 cxd3 29. Nh5 dxc2+ 30. Kxc2 Ne3+ 31. Kd2 Nxd1 32. Kxd1 h6 33. Kd2 Kf7 34.
Nd4 Nc6 35. e6+ Kg6 36. exd7 Nxd4 37. Bh4 Nf3+ {baldomero resigns} 0-1

[Event "ICS rated blitz match"]
[Site "204.178.125.65"]
[Date "2001.09.21"]
[Round "?"]
[White "baldomero"]
[Black "Hossa"]
[Result "0-1"]
[WhiteElo "2294"]
[BlackElo "2588"]
[PlyCount "45"]
[EventDate "2001.??.??"]

1. e3 Nf6 2. d4 g6 3. Nf3 Bg7 4. Be2 O-O 5. O-O d5 6. b3 Bf5 7. Bb2 Nc6 8. a3
Qd6 9. c4 e6 10. Nc3 Ng4 11. h3 Nf6 12. c5 Qd7 13. b4 a6 14. Qb3 Ne4 15. Nxe4
Bxe4 16. Nd2 g5 17. Nxe4 dxe4 18. Rfd1 f5 19. a4 Ne7 20. b5 Rfb8 21. Rac1 axb5
22. axb5 Nd5 23. c6 {baldomero resigns} 0-1

[Event "ICS rated blitz match"]
[Site "204.178.125.65"]
[Date "2001.09.21"]
[Round "?"]
[White "Hossa"]
[Black "salzi"]
[Result "1-0"]
[WhiteElo "2615"]
[BlackElo "2013"]
[PlyCount "36"]
[EventDate "2001.??.??"]

1. d4 Nf6 2. c4 e6 3. Nf3 d5 4. Nc3 Be7 5. Bg5 O-O 6. e3 h6 7. Bxf6 Bxf6 8. Rc1
c6 9. Bd3 Nd7 10. O-O Be7 11. Qd2 a6 12. e4 dxe4 13. Bxe4 Bf6 14. Rfe1 e5 15.
d5 Nc5 16. b4 Nxe4 17. Nxe4 Re8 18. d6 Bf5 {salzi resigns} 1-0

[Event "ICS rated blitz match"]
[Site "204.178.125.65"]
[Date "2001.09.21"]
[Round "?"]
[White "kako"]
[Black "Hossa"]
[Result "0-1"]
[WhiteElo "2015"]
[BlackElo "2616"]
[PlyCount "41"]
[EventDate "2001.??.??"]

1. d4 Nf6 2. c4 g6 3. Nc3 Bg7 4. e4 d6 5. Nf3 O-O 6. Be2 e5 7. O-O Nc6 8. d5
Ne7 9. Nd2 a5 10. a3 Bd7 11. Rb1 Ne8 12. b4 axb4 13. axb4 f5 14. f3 c6 15. Kh1
cxd5 16. cxd5 Qc7 17. Qb3 Nf6 18. Ba3 Rfc8 19. Rfc1 Bh6 20. Rb2 fxe4 21. fxe4 {
kako resigns} 0-1

[Event "ICS rated blitz match"]
[Site "204.178.125.65"]
[Date "2001.09.21"]
[Round "?"]
[White "Hossa"]
[Black "NewHal9000"]
[Result "0-1"]
[WhiteElo "2617"]
[BlackElo "2863"]
[PlyCount "148"]
[EventDate "2001.??.??"]

1. e4 c5 2. Bc4 Nf6 3. d3 e6 4. Qe2 Nc6 5. Nf3 d6 6. O-O Be7 7. Bd2 O-O 8. Nc3
d5 9. Bb5 Nd4 10. Nxd4 cxd4 11. e5 dxc3 12. exf6 Bxf6 13. bxc3 Qc7 14. d4 Bd7
15. Bxd7 Qxd7 16. Rab1 a6 17. Rb6 Bd8 18. Rb3 b5 19. Re1 Qc7 20. Qh5 Qa5 21. a3
Be7 22. Bg5 Bd6 23. Qg4 Rfe8 24. Bf6 Bf8 25. Be5 Rac8 26. Re3 Qb6 27. Bf6 Qc7
28. Rg3 g6 29. Qh4 Qc4 30. Rd3 e5 31. f4 e4 32. Re3 Rc6 33. f5 h6 34. fxg6 fxg6
35. Rb1 Ree6 36. Rf1 Qxf1+ 37. Kxf1 Rxf6+ 38. Ke2 Kg7 39. Qg4 Rf5 40. Qh4 Rcf6
41. c4 bxc4 42. Qe1 Kh7 43. g4 Rf4 44. Rg3 Be7 45. Rg2 e3 46. Qa5 Rxd4 47. Kxe3
Re4+ 48. Kd2 Rf3 49. Kc1 Rxa3 50. Qxa3 Bxa3+ 51. Kd2 Bb4+ 52. c3 Bc5 53. h3 Kg7
54. Rg3 a5 55. Rf3 a4 56. Rf1 a3 57. Ra1 Rf4 58. Ke1 Rf2 59. Rxa3 Bxa3 60. Kxf2
Kf6 61. Ke3 Ke5 62. Kd2 d4 63. cxd4+ Kxd4 64. g5 hxg5 65. Kc2 Bd6 66. Kc1 Kd3
67. Kd1 c3 68. Ke1 c2 69. Kf2 c1=Q 70. h4 Qe3+ 71. Kg2 gxh4 72. Kf1 Qd2 73. Kg1
Ke3 74. Kf1 Qf2# {Hossa checkmated} 0-1

[Event "ICS rated blitz match"]
[Site "204.178.125.65"]
[Date "2001.09.21"]
[Round "?"]
[White "kako"]
[Black "Hossa"]
[Result "0-1"]
[WhiteElo "2011"]
[BlackElo "2611"]
[PlyCount "97"]
[EventDate "2001.??.??"]

1. d4 Nf6 2. c4 e6 3. Nf3 b6 4. Nc3 Bb7 5. Bg5 Bb4 6. e3 h6 7. Bh4 g5 8. Bg3
Ne4 9. Qc2 h5 10. h4 Nxg3 11. fxg3 g4 12. Ng5 Na6 13. a3 Be7 14. Nge4 f5 15.
Nf2 c5 16. Nd3 cxd4 17. exd4 O-O 18. Nf4 Qe8 19. Nb5 Bc6 20. Bd3 Qf7 21. O-O
Bf6 22. Qf2 Bxb5 23. cxb5 Nc7 24. Rfd1 Ne8 25. Rac1 Nd6 26. Kh2 Qh7 27. b3 Ne4
28. Qe3 Be7 29. Rc7 Bd6 30. Rb7 Rf7 31. Bxe4 fxe4 32. b4 Raf8 33. Ne2 Bb8 34.
a4 Qf5 35. d5 exd5 36. Qg5+ Qxg5 37. hxg5 e3 38. Rxd5 d6 39. Rxf7 Kxf7 40. Rf5+
Ke8 41. Rxf8+ Kxf8 42. a5 Kf7 43. Nc3 d5 44. Kg1 d4 45. Nd5 Bxg3 46. Kf1 h4 47.
Ke2 h3 48. gxh3 gxh3 49. Kf3 {kako resigns} 0-1

[Event "ICS rated blitz match"]
[Site "204.178.125.65"]
[Date "2001.09.22"]
[Round "?"]
[White "Hossa"]
[Black "Fergie"]
[Result "1-0"]
[WhiteElo "2616"]
[BlackElo "2250"]
[PlyCount "109"]
[EventDate "2001.??.??"]

1. d4 c5 2. d5 d6 3. Nc3 g6 4. e4 Bg7 5. Bd3 a6 6. Nf3 b5 7. O-O Bg4 8. Bd2 Nd7
9. Be2 Ngf6 10. Ng5 Bxe2 11. Qxe2 h6 12. Nf3 b4 13. Nd1 Ne5 14. Nxe5 dxe5 15.
f3 O-O 16. Ne3 Ne8 17. a3 a5 18. axb4 axb4 19. Ng4 h5 20. Nf2 Nd6 21. Be3 Qc7
22. Nd3 Nc4 23. Bf2 Nd6 24. Bxc5 b3 25. cxb3 Nb7 26. b4 Nd6 27. Qd2 Qb7 28. Qg5
Nb5 29. Rxa8 Rxa8 30. Qxe7 Qxe7 31. Bxe7 Re8 32. Bc5 Rd8 33. Rd1 Nd4 34. Nxe5
Ne2+ 35. Kf2 Nf4 36. Nc6 Rd7 37. Be3 g5 38. Bxf4 gxf4 39. e5 Rb7 40. d6 Bf8 41.
d7 Rxd7 42. Rxd7 Bxb4 43. Nxb4 f5 44. Ke2 h4 45. Kd3 h3 46. Kd4 hxg2 47. Rd8+
Kf7 48. e6+ Kxe6 49. Rg8 g1=Q+ 50. Rxg1 Kf6 51. Nd5+ Ke6 52. Kc5 Kf7 53. Kd6
Ke8 54. Ke6 Kd8 55. Rg8# {Fergie checkmated} 1-0

[Event "ICS rated blitz match"]
[Site "204.178.125.65"]
[Date "2001.09.22"]
[Round "?"]
[White "Hossa"]
[Black "rnnm"]
[Result "1-0"]
[WhiteElo "2619"]
[BlackElo "2016"]
[PlyCount "41"]
[EventDate "2001.??.??"]

1. d4 d5 2. e3 e6 3. Bd2 Bd6 4. c4 b6 5. cxd5 exd5 6. Bd3 Nf6 7. Nc3 O-O 8. Nf3
Ba6 9. Bxa6 Nxa6 10. Qe2 Nb4 11. O-O c5 12. Nb5 c4 13. Ne5 Ne4 14. Bxb4 Bxb4
15. f3 a6 16. fxe4 axb5 17. Nc6 Qd6 18. exd5 Ba5 19. e4 Rae8 20. Qf3 f5 21. e5
{rnnm resigns} 1-0

[Event "ICS rated blitz match"]
[Site "204.178.125.65"]
[Date "2001.09.22"]
[Round "?"]
[White "picur"]
[Black "Hossa"]
[Result "0-1"]
[WhiteElo "2152"]
[BlackElo "2589"]
[PlyCount "72"]
[EventDate "2001.??.??"]

1. e4 d5 2. e5 c5 3. Nf3 Nc6 4. Bb5 Bd7 5. O-O Nxe5 6. Bxd7+ Nxd7 7. d3 e6 8.
c4 Ngf6 9. b4 cxb4 10. a3 bxa3 11. Nxa3 Bc5 12. Nb5 a6 13. d4 axb5 14. Rxa8
Qxa8 15. dxc5 bxc4 16. Bb2 Nxc5 17. Bxf6 gxf6 18. Nd4 h5 19. f4 Qa7 20. Kh1 Nd3
21. Qa1 Qxa1 22. Rxa1 Kd7 23. h3 Nxf4 24. Rf1 e5 25. Nb5 Rg8 26. Rf2 Rg6 27.
Kh2 Rxg2+ 28. Rxg2 Nxg2 29. Kxg2 d4 30. Kf3 f5 31. h4 c3 32. Ke2 f4 33. Na3 e4
34. Nc4 d3+ 35. Kd1 c2+ 36. Kd2 f3 {picur resigns} 0-1

[Event "ICS rated blitz match"]
[Site "204.178.125.65"]
[Date "2001.09.22"]
[Round "?"]
[White "Hossa"]
[Black "lupica"]
[Result "1-0"]
[WhiteElo "2591"]
[BlackElo "2275"]
[PlyCount "55"]
[EventDate "2001.??.??"]

1. d4 c5 2. d5 e5 3. dxe6 dxe6 4. Qxd8+ Kxd8 5. Nc3 Nc6 6. Bd2 a6 7. O-O-O Bd7
8. Na4 Kc7 9. Be3 Nf6 10. Nxc5 Bxc5 11. Bxc5 b6 12. Bd6+ Kb7 13. f3 Nd5 14. Rd3
Rhd8 15. e4 Nc7 16. Ne2 Nb5 17. Bg3 Be8 18. Nf4 Nb4 19. Rxd8 Rxd8 20. a3 Nc6
21. Nh5 g6 22. Nf6 h5 23. Bxb5 axb5 24. Rd1 Rc8 25. Nxe8 Rxe8 26. Rd7+ Ka6 27.
Rxf7 Rd8 28. Rf6 {lupica resigns} 1-0

[Event "ICS rated blitz match"]
[Site "204.178.125.65"]
[Date "2001.09.22"]
[Round "?"]
[White "Hossa"]
[Black "overdrawn-check"]
[Result "1-0"]
[WhiteElo "2595"]
[BlackElo "2076"]
[PlyCount "37"]
[EventDate "2001.??.??"]

1. d4 d6 2. e4 e5 3. dxe5 dxe5 4. Qxd8+ Kxd8 5. Nc3 c6 6. Nf3 f6 7. Bc4 Ne7 8.
Be3 Kc7 9. h4 g6 10. O-O-O Nd7 11. h5 g5 12. Kb1 Nb6 13. Bf7 h6 14. Bc5 Bg4 15.
Bd6+ Kc8 16. Rd3 Rh7 17. Bb3 Nd7 18. Nd2 Ng8 19. Bxg8 {overdrawn-check resigns}
1-0

[Event "ICS rated standard match"]
[Site "204.178.125.65"]
[Date "2001.09.22"]
[Round "?"]
[White "Hossa"]
[Black "Amateur"]
[Result "1-0"]
[WhiteElo "2371"]
[BlackElo "2304"]
[PlyCount "79"]
[EventDate "2001.??.??"]

1. d4 Nf6 2. c4 c5 3. d5 e6 4. Nc3 exd5 5. cxd5 d6 6. e4 g6 7. Be2 Bg7 8. Nf3
O-O 9. O-O Re8 10. Qc2 Bg4 11. Bf4 Nh5 12. Bg5 f6 13. Bc1 f5 14. Ng5 Bxe2 15.
Qxe2 Bxc3 16. bxc3 fxe4 17. Rb1 Qe7 18. Ne6 Ng7 19. Re1 Na6 20. Qxe4 Rab8 21.
Bg5 Qd7 22. Bf6 Nh5 23. Qh4 Nc7 24. Nxc7 Rxe1+ 25. Rxe1 Qxc7 26. Re7 Qc8 27.
Bg5 Qf5 28. g4 Qb1+ 29. Kg2 Qxa2 30. gxh5 Qxd5+ 31. f3 Qd3 32. Bf6 Qc2+ 33. Kg3
Qf5 34. Rg7+ Kf8 35. Qc4 Qg5+ 36. Bxg5 Kxg7 37. h6+ Kf8 38. Qe6 Re8 39. Qf6+
Kg8 40. Qg7# {Amateur checkmated} 1-0

[Event "ICS rated blitz match"]
[Site "204.178.125.65"]
[Date "2001.09.22"]
[Round "?"]
[White "Olgerdovich"]
[Black "Hossa"]
[Result "0-1"]
[WhiteElo "2010"]
[BlackElo "2597"]
[PlyCount "45"]
[EventDate "2001.??.??"]

1. e4 c5 2. Nf3 a6 3. c3 d5 4. exd5 Qxd5 5. d4 cxd4 6. cxd4 Bf5 7. Nc3 Qd6 8.
Bc4 Nc6 9. O-O Nf6 10. Re1 b5 11. Bxb5 axb5 12. Nxb5 Qb8 13. a4 Nb4 14. Re5 Bc2
15. Qd2 e6 16. d5 Nfxd5 17. Nbd4 Bxa4 18. b3 Bd7 19. Ba3 Bd6 20. Ree1 O-O 21.
Qg5 Nd3 22. Bxd6 Nxe1 23. Rxe1 {Olgerdovich resigns} 0-1

[Event "ICS rated blitz match"]
[Site "204.178.125.65"]
[Date "2001.09.22"]
[Round "?"]
[White "Hossa"]
[Black "buzdovan"]
[Result "1-0"]
[WhiteElo "2599"]
[BlackElo "2027"]
[PlyCount "53"]
[EventDate "2001.??.??"]

1. d4 d5 2. e3 c6 3. c4 e6 4. Bd2 Nf6 5. Nf3 Be7 6. Nc3 O-O 7. Bd3 Nbd7 8. O-O
Bd6 9. e4 dxe4 10. Nxe4 Nxe4 11. Bxe4 Nf6 12. Bg5 h6 13. Bxf6 Qxf6 14. Qc2 Bc7
15. Bh7+ Kh8 16. Bd3 g5 17. Qe2 Qf4 18. Bc2 b6 19. Qd3 Qf5 20. Qa3 Qxc2 21.
Qxf8+ Kh7 22. Qxf7+ Kh8 23. Qe8+ Kh7 24. Qxc6 Bf4 25. Qxa8 Qxc4 26. g3 g4 27.
Qe4+ {buzdovan resigns} 1-0

[Event "ICS rated blitz match"]
[Site "204.178.125.65"]
[Date "2001.09.22"]
[Round "?"]
[White "Hossa"]
[Black "Grok"]
[Result "1-0"]
[WhiteElo "2601"]
[BlackElo "2488"]
[PlyCount "151"]
[EventDate "2001.??.??"]

1. d4 Nf6 2. c4 e6 3. Nf3 d5 4. Nc3 c6 5. e3 Nbd7 6. Qc2 Bd6 7. Bd3 O-O 8. O-O
dxc4 9. Bxc4 b5 10. Be2 Bb7 11. Rd1 Qc7 12. b3 b4 13. Ne4 Nxe4 14. Qxe4 c5 15.
Qh4 cxd4 16. Bd3 Nf6 17. Nxd4 e5 18. Nf5 e4 19. Bb2 Be5 20. Qg5 Nd7 21. Bxe5
Qxe5 22. Bb5 Qf6 23. Qxg7+ Qxg7 24. Nxg7 Ne5 25. Nf5 a6 26. Nd6 axb5 27. Nxb7
Nd3 28. Nd6 f5 29. Nxb5 Rac8 30. Nd4 Ra8 31. f3 Ne5 32. fxe4 fxe4 33. Ne6 Rfc8
34. Rd4 Nd3 35. h4 Rc2 36. Rxe4 Raxa2 37. Rxa2 Rxa2 38. Rd4 Ne5 39. Rxb4 h6 40.
Re4 Nd3 41. Nd4 Nf2 42. Rf4 Nd1 43. Nf5 h5 44. g4 Rb2 45. gxh5 Rxb3 46. e4 Rb2
47. Rg4+ Kh8 48. h6 Nf2 49. Rg2 Nh3+ 50. Kh2 Nf2 51. Nd6 Ng4+ 52. Kg3 Rxg2+ 53.
Kxg2 Nxh6 54. Kf3 Kh7 55. h5 Ng8 56. Kg4 Nf6+ 57. Kg5 Nd7 58. h6 Ne5 59. Kf5
Nc6 60. Nf7 Nd4+ 61. Kf6 Nc6 62. e5 Nb4 63. e6 Nd5+ 64. Ke5 Ne7 65. Kd6 Nc8+
66. Kd7 Nb6+ 67. Kd8 Nc4 68. e7 Kg6 69. Ne5+ Kf5 70. Nxc4 Kf4 71. e8=Q Kg4 72.
Qe4+ Kg3 73. Qe3+ Kh4 74. Ne5 Kh5 75. Qg3 Kxh6 76. Qg6# {Grok checkmated} 1-0

[Event "ICS rated blitz match"]
[Site "204.178.125.65"]
[Date "2001.09.22"]
[Round "?"]
[White "Grok"]
[Black "Hossa"]
[Result "0-1"]
[WhiteElo "2477"]
[BlackElo "2612"]
[PlyCount "130"]
[EventDate "2001.??.??"]

1. d4 Nf6 2. c4 e6 3. Nf3 b6 4. g3 Bb7 5. Bg2 Be7 6. O-O O-O 7. Nc3 Ne4 8. Qc2
Nxc3 9. Qxc3 c5 10. b3 cxd4 11. Nxd4 Bxg2 12. Kxg2 Nc6 13. Nxc6 dxc6 14. Bb2
Bf6 15. Qc2 Bxb2 16. Qxb2 Qg5 17. Rad1 Rad8 18. e4 Qh5 19. f3 f6 20. Qa3 Qf7
21. Rxd8 Rxd8 22. Qb2 Rd3 23. Kf2 Qd7 24. Ke2 e5 25. Qc2 Rd4 26. Ke3 Qh3 27.
Rf2 Qh6+ 28. f4 Rd8 29. c5 exf4+ 30. Rxf4 bxc5 31. h4 g5 32. hxg5 Qxg5 33. Kf3
h5 34. Rf5 Qg4+ 35. Kf2 Qh3 36. Rxc5 Qh2+ 37. Kf3 Qh1+ 38. Kf2 Rd1 39. Rxc6
Qg1+ 40. Ke2 Re1+ 41. Kd3 Qe3+ 42. Kc4 Rc1 43. Qxc1 Qxc1+ 44. Kb5 Qe3 45. Ka5
Kf7 46. Rc7+ Kg6 47. Ka4 Qxe4+ 48. b4 Qe8+ 49. Kb3 Qe6+ 50. Kb2 Qb6 51. Rc4
Qf2+ 52. Rc2 Qxg3 53. Rc3 Qxc3+ 54. Kxc3 h4 55. Kc4 h3 56. Kd4 h2 57. Ke3 h1=Q
58. b5 Qc1+ 59. Kd3 Qf1+ 60. Ke3 Qxb5 61. Kf3 Qd3+ 62. Kf2 Kg5 63. Kg2 Kf4 64.
Kg1 Kg3 65. a3 Qd1# {Grok checkmated} 0-1

[Event "ICS rated blitz match"]
[Site "204.178.125.65"]
[Date "2001.09.22"]
[Round "?"]
[White "Hossa"]
[Black "llucilluc"]
[Result "1-0"]
[WhiteElo "2622"]
[BlackElo "2232"]
[PlyCount "59"]
[EventDate "2001.??.??"]

1. d4 d5 2. c4 c6 3. e3 Nf6 4. Nc3 e6 5. Nf3 Be7 6. Bd2 O-O 7. Bd3 h6 8. O-O a6
9. e4 b5 10. e5 Nh7 11. Qc2 Ng5 12. Nxg5 Bxg5 13. Bxg5 Qxg5 14. cxd5 cxd5 15.
f4 Qe7 16. Rac1 Bb7 17. f5 exf5 18. Rxf5 Nd7 19. Rh5 Rac8 20. a3 Qe6 21. Bf5
Qe7 22. Qd3 Rfd8 23. Rc2 a5 24. Qxb5 g6 25. Rxh6 gxf5 26. Qxb7 Nxe5 27. Qxe7
Re8 28. Nxd5 Ng6 29. Nf6+ Kg7 30. Rh7# {llucilluc checkmated} 1-0

[Event "ICS rated standard match"]
[Site "204.178.125.65"]
[Date "2001.09.22"]
[Round "?"]
[White "BrazilianMaster"]
[Black "Hossa"]
[Result "1-0"]
[WhiteElo "2619"]
[BlackElo "2398"]
[PlyCount "105"]
[EventDate "2001.??.??"]

1. e4 c5 2. Nf3 Nc6 3. d4 cxd4 4. Nxd4 Qc7 5. Nc3 e6 6. Be3 Nf6 7. Ndb5 Qb8 8.
f4 d6 9. Be2 a6 10. Nd4 Be7 11. O-O O-O 12. Qd3 Qc7 13. Rad1 Bd7 14. a3 b6 15.
Rf2 Rfd8 16. Bf3 Ne8 17. Nxc6 Bxc6 18. f5 exf5 19. Nd5 Bxd5 20. Qxd5 fxe4 21.
Bh5 Nf6 22. Bxf7+ Kh8 23. Qe6 Rf8 24. Rdf1 Bd8 25. Bh5 Qe7 26. Bg4 Re8 27. Qb3
d5 28. Bf5 Bc7 29. g4 h6 30. g5 hxg5 31. Bxg5 e3 32. Re2 Be5 33. Rf3 Qf7 34.
Kf1 Nh5 35. Rexe3 Bxh2 36. Bg4 Rxe3 37. Qxe3 Ng3+ 38. Kg2 Qg6 39. Kxh2 Ne4 40.
Rf5 Qc6 41. Qd3 Rc8 42. Kg1 Re8 43. Bh4 Qc5+ 44. Bf2 Nxf2 45. Rh5+ Kg8 46. Qh7+
Kf7 47. Qf5+ Kg8 48. Rh8+ Kxh8 49. Qh5+ Kg8 50. Qxe8+ Kh7 51. Qh5+ Kg8 52. Be6+
Kf8 53. Qf7# {Hossa checkmated} 1-0

[Event "ICS rated blitz match"]
[Site "204.178.125.65"]
[Date "2001.09.22"]
[Round "?"]
[White "winner3"]
[Black "Hossa"]
[Result "1-0"]
[WhiteElo "2804"]
[BlackElo "2625"]
[PlyCount "117"]
[EventDate "2001.??.??"]

1. e4 c5 2. Nc3 Nc6 3. f4 g6 4. Nf3 Bg7 5. Bc4 d6 6. O-O e6 7. d3 Nge7 8. Qe1
O-O 9. f5 gxf5 10. Qh4 fxe4 11. dxe4 Ng6 12. Qh5 Nce5 13. Nxe5 Nxe5 14. Be2 f6
15. Bh6 Qe8 16. Qh3 Qg6 17. Bf4 f5 18. Rad1 fxe4 19. Bh5 Qf5 20. g4 Qxf4 21.
Rxf4 Rxf4 22. Rxd6 Nf3+ 23. Kh1 Bxc3 24. bxc3 Kg7 25. Be8 Rf8 26. Qh5 e3 27.
Bb5 b6 28. Bd3 Kf6 29. Qd5 Ke7 30. Qxa8 Kxd6 31. Qb8+ Ke7 32. Qxa7+ Bd7 33.
Qxb6 Rc8 34. Kg2 Ne5 35. h3 h6 36. Kf1 Rc6 37. Qa7 Kf6 38. Ke2 Rc8 39. Kxe3 c4
40. Qd4 cxd3 41. cxd3 Rg8 42. Qf4+ Ke7 43. Qxe5 Be8 44. Qc7+ Bd7 45. Qc5+ Kf7
46. a4 Kf6 47. a5 Be8 48. a6 Bd7 49. Qd6 Rd8 50. a7 Kf7 51. Qb8 Rxb8 52. axb8=Q
Be8 53. Kd4 Ke7 54. Ke5 Bd7 55. Qg8 Be8 56. Qxe6+ Kd8 57. Kd6 h5 58. Qe7+ Kc8
59. Qc7# {Hossa checkmated} 1-0

[Event "ICS rated blitz match"]
[Site "204.178.125.65"]
[Date "2001.09.22"]
[Round "?"]
[White "Hossa"]
[Black "winner3"]
[Result "0-1"]
[WhiteElo "2617"]
[BlackElo "2812"]
[PlyCount "132"]
[EventDate "2001.??.??"]

1. d4 Nf6 2. c4 e6 3. Nf3 c5 4. d5 exd5 5. cxd5 g6 6. Nc3 Bg7 7. d6 O-O 8. e3
b6 9. Be2 Bb7 10. O-O Ne4 11. Nxe4 Bxe4 12. Bc4 Nc6 13. Nd2 Bf5 14. Kh1 Be6 15.
Be2 Qf6 16. Re1 Bf5 17. e4 Be6 18. Nf3 Bg4 19. e5 Qf5 20. Be3 Bxf3 21. Bxf3
Bxe5 22. Bg4 Qf6 23. Bxd7 Nd4 24. Bh6 Rfd8 25. Bh3 Rxd6 26. Qd3 g5 27. Qe3 Nc2
28. Bxg5 Nxe3 29. Bxf6 Bxf6 30. Rxe3 Rd2 31. Rg3+ Kh8 32. Rf1 Rxb2 33. a3 Rd8
34. Rf3 Kg7 35. Rg3+ Kf8 36. Rf3 Rd6 37. Bf5 h6 38. g4 c4 39. Kg2 c3 40. Re1
Rdd2 41. Rf1 Bd4 42. Be6 f6 43. Bc4 c2 44. Bd3 Bxf2 45. Kh1 Rd1 46. Bxc2 Rxf1+
47. Kg2 Rc1 48. Rxf6+ Ke7 49. Rxf2 Rcxc2 50. Rxc2 Rxc2+ 51. Kg3 Rc3+ 52. Kf2
Rxa3 53. h4 Ra4 54. g5 Rxh4 55. gxh6 a5 56. Ke3 Kd6 57. Kd3 Kc5 58. Kd2 a4 59.
Kc2 Rxh6 60. Kd3 a3 61. Ke4 a2 62. Kf3 a1=Q 63. Ke3 Qf1 64. Kd2 Rh2+ 65. Ke3
Re2+ 66. Kd3 Qf3# {Hossa checkmated} 0-1

[Event "ICS rated blitz match"]
[Site "204.178.125.65"]
[Date "2001.09.22"]
[Round "?"]
[White "Hossa"]
[Black "baldomero"]
[Result "1-0"]
[WhiteElo "2609"]
[BlackElo "2362"]
[PlyCount "43"]
[EventDate "2001.??.??"]

1. d4 d5 2. c4 c6 3. cxd5 cxd5 4. Nf3 Nf6 5. Nc3 e6 6. e3 Nc6 7. Be2 Bd6 8. Bd2
O-O 9. O-O Ne4 10. Nb5 Bb8 11. Rc1 Bd7 12. Bd3 a6 13. Nc3 f5 14. Bc2 Qf6 15.
Na4 b5 16. Nb6 Ra7 17. Nxd7 Rxd7 18. Bxe4 fxe4 19. Rxc6 exf3 20. Qxf3 Qg6 21.
Bb4 Rxf3 22. Rc8+ {baldomero resigns} 1-0

[Event "ICS rated blitz match"]
[Site "204.178.125.65"]
[Date "2001.09.22"]
[Round "?"]
[White "winner3"]
[Black "Hossa"]
[Result "1-0"]
[WhiteElo "2822"]
[BlackElo "2615"]
[PlyCount "145"]
[EventDate "2001.??.??"]

1. Nf3 Nf6 2. c4 e6 3. g3 d5 4. Bg2 Be7 5. O-O O-O 6. b3 b6 7. Bb2 Bb7 8. e3
Nbd7 9. Nc3 Ne4 10. Ne2 dxc4 11. bxc4 Bf6 12. Qc2 Bxb2 13. Qxb2 Nec5 14. d4 Qf6
15. Nd2 Bxg2 16. Kxg2 c6 17. f3 Nb7 18. Ne4 Qe7 19. c5 f5 20. Nf2 Nf6 21. Nd3
Nd5 22. Qc1 bxc5 23. dxc5 e5 24. e4 fxe4 25. fxe4 Nf6 26. Rf5 Nd7 27. Qc4+ Kh8
28. Rb1 Nbxc5 29. Nxc5 Nxc5 30. Rc1 Rxf5 31. exf5 Nb7 32. Qxc6 Re8 33. g4 Rd8
34. Qc7 Qb4 35. Rc4 Qb2 36. Re4 Re8 37. Qd7 Rb8 38. Qe7 Qc2 39. Qxe5 Rg8 40. f6
Nd6 41. Rf4 gxf6 42. Qxf6+ Rg7 43. Qe5 Kg8 44. Qe6+ Rf7 45. Rd4 Nb7 46. Rd7 Qg6
47. Qe8+ Kg7 48. Qe5+ Kg8 49. Rxf7 Qxf7 50. Qb8+ Kg7 51. Qxa7 Qe7 52. Ng3 Qb4
53. a4 Kg6 54. h4 Kf7 55. a5 Ke6 56. a6 Nd6 57. Qxh7 Qb6 58. a7 Qc6+ 59. Kh3
Qa8 60. h5 Nc8 61. Qg8+ Kd7 62. h6 Qxa7 63. h7 Ne7 64. Qf8 Qa1 65. h8=Q Qxh8+
66. Qxh8 Nc6 67. Qg7+ Ke6 68. Nf5 Na5 69. Qd4 Nb7 70. Kg3 Na5 71. Qd6+ Kf7 72.
Qe7+ Kg6 73. Qg7# {Hossa checkmated} 1-0

[Event "ICS rated blitz match"]
[Site "204.178.125.65"]
[Date "2001.09.22"]
[Round "?"]
[White "Hossa"]
[Black "winner3"]
[Result "0-1"]
[WhiteElo "2608"]
[BlackElo "2796"]
[PlyCount "112"]
[EventDate "2001.??.??"]

1. d4 Nf6 2. c4 g6 3. Nc3 d5 4. Nf3 Bg7 5. cxd5 Nxd5 6. e4 Nxc3 7. bxc3 O-O 8.
Bc4 c5 9. O-O Bg4 10. Rb1 Nc6 11. Be2 Qc7 12. d5 Ne5 13. Ng5 Bxe2 14. Qxe2 h6
15. Nh3 c4 16. Bf4 e6 17. Qd2 Kh7 18. Rfd1 exd5 19. exd5 Rfd8 20. d6 Qc6 21.
Bxe5 Bxe5 22. d7 Rab8 23. Kh1 b6 24. Rb4 Rb7 25. Qe2 Rbxd7 26. Rf1 Bxc3 27.
Rxc4 Qf6 28. Rf4 Qg7 29. Rc4 Rd2 30. Qe7 Rd1 31. Rxd1 Rxd1+ 32. Ng1 Bb4 33. Qe2
Re1 34. Rxb4 Rxe2 35. Nxe2 Qa1+ 36. Ng1 Qxa2 37. Nh3 Qe6 38. Rb1 a5 39. Ng1 a4
40. Ra1 Qb3 41. Nf3 a3 42. Rf1 a2 43. h4 b5 44. Kg1 Qc3 45. Kh2 b4 46. h5 b3
47. hxg6+ Kxg6 48. Nh4+ Kh7 49. Nf3 b2 50. Re1 b1=Q 51. Rxb1 axb1=Q 52. Nh4
Qcc1 53. f3 Qh1+ 54. Kg3 Qbe1+ 55. Kf4 Qhxh4+ 56. Kf5 Qg5# {Hossa checkmated}
0-1

[Event "ICS rated blitz match"]
[Site "204.178.125.65"]
[Date "2001.09.22"]
[Round "?"]
[White "mauijim"]
[Black "Hossa"]
[Result "0-1"]
[WhiteElo "2180"]
[BlackElo "2600"]
[PlyCount "32"]
[EventDate "2001.??.??"]

1. d4 Nf6 2. Nc3 g6 3. e4 d6 4. Nf3 Bg7 5. Be2 O-O 6. O-O c5 7. d5 e5 8. Bg5
Bd7 9. Qd2 Qc7 10. Rfe1 c4 11. h3 b5 12. a3 Na6 13. Bf1 Nc5 14. Be3 Nfxe4 15.
Nxe4 Nxe4 16. Qb4 a5 {mauijim resigns} 0-1

[Event "ICS rated blitz match"]
[Site "204.178.125.65"]
[Date "2001.09.22"]
[Round "?"]
[White "Hossa"]
[Black "winner3"]
[Result "0-1"]
[WhiteElo "2603"]
[BlackElo "2804"]
[PlyCount "74"]
[EventDate "2001.??.??"]

1. d4 d5 2. c4 dxc4 3. e4 Nf6 4. e5 Nd5 5. Bxc4 Nb6 6. Bb3 Bf5 7. Ne2 Nc6 8.
O-O e6 9. Be3 Bb4 10. Ng3 Bg6 11. f4 Nd5 12. Bxd5 Qxd5 13. a3 Ba5 14. Nc3 Qc4
15. f5 exf5 16. Rc1 O-O 17. Nxf5 Rad8 18. Na4 Qe6 19. Nc5 Qc8 20. Nh4 Nxe5 21.
Qa4 Ng4 22. Bg5 Rd5 23. Nxg6 hxg6 24. Qxa5 Rxg5 25. Qxa7 Nxh2 26. Kxh2 Qg4 27.
Rf2 Rh5+ 28. Kg1 Qh4 29. Rff1 Qh2+ 30. Kf2 Qf4+ 31. Ke2 Qxd4 32. Kf3 Rf5+ 33.
Kg3 Qe5+ 34. Kh3 Rh5+ 35. Kg4 Rg5+ 36. Kf3 Rg3+ 37. Kf2 Qe3# {Hossa checkmated}
0-1